The American printer, 1787-1825.

Bibliographic Details
Main Author: Silver, Rollo G. (Rollo Gabriel), 1909-1989
Format: Book
Language:English
Published: Charlottesville : Published for the Bibliographical Society of the University of Virginia [by] the University Press of Virginia, [1967]
Subjects:

MARC

Tag First Indicator Second Indicator Subfields
LEADER 00000cam a2200000 4500
001 in00000106421
005 20150927204444.0
008 730308s1967 eng u
010 |a  67022310  
035 |a (OCoLC)00574433 
035 |9 AAM1646AM 
040 |c WSU  |d TXA  |d UtOrBLW 
049 |a TXAM  |c [916805] 
090 |a Z208  |b .S5 
100 1 |a Silver, Rollo G.  |q (Rollo Gabriel),  |d 1909-1989. 
245 1 4 |a The American printer, 1787-1825. 
264 1 |a Charlottesville :  |b Published for the Bibliographical Society of the University of Virginia [by] the University Press of Virginia,  |c [1967] 
300 |a 189 pages 
336 |a text  |b txt  |2 rdacontent 
337 |a unmediated  |b n  |2 rdamedia 
338 |a volume  |b nc  |2 rdacarrier 
504 |a Bibliographical footnotes. 
650 0 |a Printing  |x History  |z United States. 
999 |a MARS 
999 f f |s c729ef36-865f-354e-882d-89d7e98ed9f8  |i 4ac351ba-0c87-38d4-9ac8-bfd38a7f414f  |t 0 
952 f f |p normal  |a Texas A&M University  |b College Station  |c Sterling C. Evans Library  |d Evans: Library Stacks  |t 0  |e Z208 .S5  |h Library of Congress classification  |i unmediated -- volume  |m A14805722921 
998 f f |a Z208 .S5  |t 0  |l Evans: Library Stacks